Ongles bleus Jacques et Ciompi (Record no. 108271)

MARC details
000 -LEADER
campo de control de longitud fija 00668nam a2200193 4500
001 - NÚMERO DE CONTROL
campo de control 108271
003 - IDENTIFICADOR DE NÚMERO DE CONTROL
campo de control ES-MaACL
007 - CAMPO FIJO DE DESCRIPCIÓN FÍSICA--INFORMACIÓN GENERAL
campo de control de longitud fija t|
008 - DATOS DE LONGITUD FIJA--INFORMACIÓN GENERAL
campo de control de longitud fija 061121s1970 fr r ||||1| fre d
100 1# - ENTRADA PRINCIPAL--NOMBRE DE PERSONA
Nombre de persona Mollat, Michel.
9 (RLIN) 82049
245 10 - MENCIÓN DEL TÍTULO
Título Ongles bleus Jacques et Ciompi
Resto del título : les révolutions populaires en Europe au XVI et XV siècle /
Mención de responsabilidad, etc. Michel Mollat, Philippe Wolff.
260 ## - PUBLICACIÓN, DISTRIBUCIÓN, ETC.
Lugar de publicación, distribución, etc. París :
Nombre del editor, distribuidor, etc. Calmann-Lévy,
Fecha de publicación, distribución, etc. 1970.
300 ## - DESCRIPCIÓN FÍSICA
Extensión 328 p. :
Otras características físicas il. ;
Dimensiones 21 cm.
490 1# - MENCIÓN DE SERIE
Mención de serie Les grandes vagues révolutionnaires
700 1# - ENTRADA AGREGADA--NOMBRE PERSONAL
Nombre de persona Wolff, Philippe.
9 (RLIN) 117262
830 0# - PUNTO DE ACCESO ADICIONAL DE SERIE-TÍTULO UNIFORME
Título uniforme Les grandes vagues révolutionnaires
9 (RLIN) 185575
852 ## - LOCALIZACIÓN
Ubicación ES-MaACL
Número de control de estantería E-5789
Sublocalización o colección R.90100
Holdings
Estatus retirado Estado de pérdida Estado de daño No para préstamo Biblioteca de origen Biblioteca actual Ubicación en estantería Fecha de adquisición Fuente de adquisición Total de préstamos Signatura topográfica completa Código de barras Visto por última vez Precio de reemplazo Tipo de ítem Koha
        Biblioteca del Ateneo de Madrid Biblioteca del Ateneo de Madrid Depósito 2 17/01/2008     E-5789 1112978 23/02/2023 23/02/2023 Libro impreso